| 000 | 01211nam a2200253 a 4500 | ||
|---|---|---|---|
| 008 | 120208c20089999||||||||||||||||| || u | ||
| 050 | _aCD/HA 29 Ess | ||
| 100 | _aBowerman, Bruce L | ||
| 245 | 1 | 0 |
_aEssentials of business statistics.-- 2nd ed. _cBrue L. Bowerman...[and others] _h[cd-rom] |
| 250 | _a2nd ed. | ||
| 260 |
_aNew York _bMcGraw-Hill _c2008 |
||
| 300 | _a4 3/4 in | ||
| 350 | _a0.00 | ||
| 500 | _aThis CD-ROM is accompanied with a textbook available inĀ main collection. | ||
| 650 | 0 | _aCOMMERCIAL STATISTICS | |
| 650 | 0 | _aBUSINESS | |
| 700 | _aRobert, O'connell | ||
| 700 | _aOrris, J. B | ||
| 700 | _aPorter, Dawn C | ||
| 995 |
_ae-RESOURCES _e20142533 _FCBU-MAIN LIBRARY (Kitwe) _I0.00 _jCD/HA 29 Ess _M3 _UAVAILABLE _WMay 6, 2016 _y20142533 _Ze-Media Collection |
||
| 995 |
_ae-RESOURCES _e20141057 _FCBU-MAIN LIBRARY (Kitwe) _I0.00 _jCD/HA 29 Ess _M2 _UAVAILABLE _WApr 21, 2016 _y20141057 _Ze-Media Collection |
||
| 995 |
_ae-RESOURCES _D0.00 _e20142536 _FCBU-MAIN LIBRARY (Kitwe) _H1 _I0.00 _jCD/HA 29 Ess _M1 _UAVAILABLE _WFeb 8, 2012 _y20142536 _Ze-Media Collection |
||
| 995 |
_ae-RESOURCES _e20162598 _FCBU-MAIN LIBRARY (Kitwe) _I0.00 _jCD/HA 29 Ess _M4 _UAVAILABLE _WJun 23, 2016 _y20162598 _Ze-Media Collection |
||
| 999 |
_c62830 _d62830 |
||